|
|
|
|
| LEADER |
01100nam a2200301 a 4500 |
| 001 |
2889 |
| 003 |
BD-DhAAL |
| 005 |
20150201100747.0 |
| 008 |
150201s1991 nyu b 001 0 eng |
| 010 |
|
|
|a 90020971
|
| 020 |
|
|
|a 1560240741 (pbk. : alk. paper)
|
| 020 |
|
|
|a 1560240792 (hard : alk. paper)
|
| 040 |
|
|
|a DLC
|c DLC
|d DLC
|d BD-DhAAL
|
| 050 |
0 |
0 |
|a JK1118
|b .R53 1991
|
| 082 |
0 |
0 |
|a 324/.4/0973
|2 20
|
| 100 |
1 |
|
|a Richan, Willard C.
|9 7759
|
| 245 |
1 |
0 |
|a Lobbying for social change /
|c Willard C. Richan.
|
| 260 |
|
|
|a New York :
|b Haworth Press,
|c c1991.
|
| 300 |
|
|
|a 277 p. ;
|c 22 cm.
|
| 440 |
|
0 |
|a Haworth series in social administration ;
|v v. 6
|9 7760
|
| 490 |
|
|
|a Haworth series in social administration ;
|v v. 6
|
| 504 |
|
|
|a Includes bibliographical references (p. 269-273) and index.
|
| 541 |
|
|
|e 2889
|
| 650 |
|
0 |
|a Lobbying
|z United States.
|9 7513
|
| 651 |
|
0 |
|a United States
|x Social policy.
|9 7761
|
| 942 |
|
|
|2 ddc
|c BK
|
| 999 |
|
|
|c 33540
|d 33540
|
| 952 |
|
|
|0 0
|1 0
|2 ddc
|4 0
|6 324_409730000000000_RIC
|7 0
|9 52399
|a SCL
|b SCL
|c GEN
|d 2015-02-01
|l 0
|o 324.40973 RIC
|p 3020002889
|r 2015-02-01
|t 1
|w 2015-02-01
|y BK
|